QUIZ Ligue Des Champions - Statistiques

Statistiques générales
  • Ce quiz a été pris 116 fois
  • Le résultat moyen est 3 sur 10
Statistiques - réponses
Questions Réponse % Correct
Combien de LDC ont tout les club de Londre Réunis ? 2
79%
Quel est le joueur avec le plus de match en LDC ? Cristiano Ronaldo
76%
Lors de la saison 2019/2020, le PSG se fait éliminer en Huitième de final de la LDC, sur une remontada 3-1. Quel club a effectué cette victoire ? Manchester United
72%
Qui est le coach lors du sacre de Porto en 2004 ? Jose Mourinho
52%
Quel est le seul club à avoir gagné la LDC 4 fois ? Ajax Amsterdam
25%
Quels étaient les 2 équipe s'affrontant lors de la 1er final de LDC en 1956 ? Stade de Reims-Real Madrid
9%
Quel club à perdu le plus de final de LDC ? Juventus FC
8%
Depuis 2015. 1 seul club à battu Manchester city en ligue de champions à L'Ethiad Stadium, quel est ce club ? Olympique Lyonnais ( 2019 )
1%
Qui a pris le Numéros 7 de CR7 lors de son départ au Real Madrid ? Michael Owen
0%
Quel club a fait le plus de victoire consécutive en LDC Real Madrid (17)
0%
Aucun quiz correspondant
Distribution des résultats
% des personnes avec chaque résultat
Percentile par nombre de réponses
Votre historique - résultats
Vous n’avez pas pris ce quiz